000 00890nam a22002531 4500
001 2165151
005 19840215000000.0
008 840214s1957 nyua 000 0 eng
010 _a 56009641
040 _aDLC/ICU
_cICU
_dDLC
050 0 0 _aTJ1061
_b.W499
082 0 0 _a621.822
_222
_bWIL
100 1 _aWilcock, Donald F.
_97115
245 1 0 _aBearing Design and Application/
_cDonald F. Wilcock and E. Richard Booser.
250 _a1st ed.
260 _aNew York:
_bMcGraw-Hill,
_c1957.
300 _a464 p.:
_bill. ;
_c24 cm.
490 _aMcGraw-Hill series in mechanical engineering
500 _aInludes index
650 0 _aBearings (Machinery)
_97116
700 1 _aBooser, E. Richard,
_ejoint author.
_97117
942 _2ddc
_cBB
999 _c12082
_d12082